| 000 | 00745nam a2200277Ia 4500 | ||
|---|---|---|---|
| 003 | OSt | ||
| 005 | 20221006143804.0 | ||
| 006 | a|||||r|||| 00| 0 | ||
| 007 | ta | ||
| 008 | 221006b |||||||| |||| 00| 0 eng d | ||
| 020 |
_a071030417 _c831.30 |
||
| 024 | _a9,970 | ||
| 037 | _cAnnuals, Advances | ||
| 040 |
_aEASL _cEASL _beng |
||
| 041 |
_2eng _aeng |
||
| 082 | _aV41.N91, N2 | ||
| 100 |
_aSAICH Tony Ed. _9650367 |
||
| 245 | 0 | _aReform decade in China | |
| 260 |
_aNew York _bKegan Paul _c1992 |
||
| 300 |
_a239p. _ccm. |
||
| 650 | _a Tiananmen | ||
| 650 | _aCEL | ||
| 700 |
_a DASSU Marta Ed. _9650368 |
||
| 942 |
_hV41.N91, N2 _cREF _2CC |
||
| 999 |
_c1078056 _d1078056 |
||